Quiz wiedzy ogólnej społeczności #1 - Statystyki

Ogólne statystyki
  • Ten quiz został rozwiązany 79 razy
  • Średni wynik to 6 z 18
Statystyki odpowiedzi
Pytanie Odpowiedź % Poprawnych
Jaki jest pierwszy z kolei pierwiastek w układzie okresowym? Wodór
84%
Jak nazywa się drapieżny ptak na literę J? Jastrząb
82%
Kto był ostatnim Polakiem, który zdobył nagrodę Nobla? Olga Tokarczuk
57%
Nazwij jeden z trzech filmów nagrodzonych największą liczbą Oscarów. Titanic | Ben-Hur | Władca pierścieni: Powrót króla
53%
Do jakiej partii politycznej należy Joe Biden? Demokratycznej
51%
Kto był przedstawicielem Wielkiej Brytanii podczas posiedzenia "Wielkiej Trójki" w Teheranie w trakcie II wojny światowej? Winston Churchill
50%
Jaka jest standardowa jednostka oporu elektrycznego układu SI? Om
40%
Kto jest oryginalnym twórcą Minecrafta? Markus Persson
35%
Jak nazywają się potocznie znane na całym świecie elektryczne pojazdy, których główny producent ma swoją siedzibę w Mielcu? Meleksy
32%
Kto zdobył jedyny medal z lekkiej atletyki dla Polski na IO w Paryżu 2024? Natalia Kaczmarek
26%
Jak nazywa się era w dziejach Ziemi, w trakcie której żyły dinozaury? mezozoik
21%
Kto był następcą polskiego króla, który zginął w bitwie pod Warną? Kazimierz IV Jagiellończyk
19%
Nazwij jeden z dwóch receptorów obecnych na siatkówce ludzkiego oka. czopek | pręcik
15%
"Wakcyna" to synonim jakiego słowa? szczepionka
15%
Jak nazywa się polski twórca quizów z największą ilością rozwiązań? ArjayPL
12%
Jaki jest tytuł piosenki z największą liczbą odtworzeń na Spotify? Blinding Lights
10%
Jaka drużyna F1 zdobyła największą liczbę mistrzostw konstruktów? Scuderia Ferrari
7%
Jak nazywa się największe miasto w Polsce, które graniczy z innym państwem? Jastrzębie-Zdrój
6%
Nie znaleziono quizów pasujących do podanych kryteriów
Rozkład punktacji
Procent ludzi z każdym wynikiem
Percentyl według liczby udzielonych odpowiedzi
Twoja historia wyników
Nie rozwiązałeś tego quizu